Obras Literarias
Đã lưu trong:
| Tác giả chính: | |
|---|---|
| Định dạng: | Sách |
| Ngôn ngữ: | Undetermined |
| Được phát hành: |
Madrid, España
M. Aguilar
1944
|
| Những chủ đề: | |
| Các nhãn: |
Thêm thẻ
Không có thẻ, Là người đầu tiên thẻ bản ghi này!
|
MARC
| LEADER | 00000nam a2200000Ia 4500 | ||
|---|---|---|---|
| 008 | 170316s9999 xx 000 0 und d | ||
| 040 | |a cru BVZT | ||
| 090 | |a 830 G-4o v.1 | ||
| 100 | |a Goethe, J. W. | ||
| 245 | |a Obras Literarias | ||
| 260 | |a Madrid, España | ||
| 260 | |b M. Aguilar | ||
| 260 | |c 1944 | ||
| 300 | |a 2234 páginas Tomo I. | ||
| 650 | |a LITERATURA ALEMANA | ||
| 999 | |c 7334 |d 7334 | ||
| 942 | |c 15 D |h 830 G-4o v.1 |2 z | ||
